000 01396nac a2200313 a 4500
003 CO-PeBPM
005 20250512220016.0
007 ta
008 250512s1984 ck a|||| |||| 00| 0 spa d
020 _aISBN: 9789681605353
040 _aCO-PeBPM
_bspa
_cCO-PeBPM
_erda
041 _aspa
082 0 4 _a970.472 T473g
_222
245 1 0 _aGrandeza y decadencia de los mayas
_c/ John Eric Sidney Thompson ; traducción de Lauro J. Zavala
250 _aDuodécima reimpresión
260 _aMéxico
_b: Fondo de Cultura Económica
_c, 2012
300 _a399 páginas
_bilustraciones, figuras en blanco y negro
_c23 centímetros
490 _aSección de Obras de Antropología
500 _aIncluye índice al final del texto
500 _aIncluye notas al pie del texto
504 _aIncluye bibliografía (p.369-385)
520 _aDespués de Sylvanus G. Morley -el casi legendario historiador-, Thompson es una de las autoridades principales en el campo atrayente de la historia de la civilización maya. La estudió directamente durante 20 años a partir de enero de 1926 y como fruto de su larga dedicación nos presenta este invaluable estudio.
650 1 4 _aMayas
_2LEMB
650 1 4 _a Antropología
_2LEMB
650 1 4 _aCulturas indígenas - Historia
_2LEMB
700 1 4 _aZavala, Lauro José
_etraducción
765 _aThe Rise and Fall of Maya Civilization
942 _2ddc
_cBK
_n0
999 _c60826
_d60826